| 000 | 00352nam a2200133Ia 4500 | ||
|---|---|---|---|
| 005 | 20260326235441.0 | ||
| 008 | 260326s9999||||xx |||||||||||||| ||und|| | ||
| 100 | _aIshizawa, Masao | ||
| 245 | 0 |
_aPageant of Japanese art : _b Painting 6th - 14th centuries / _cMasao Ishizawa |
|
| 260 | _bToto Shuppan | ||
| 300 | _a167 p. | ||
| 650 | _aARTE | ||
| 942 | _cBK | ||
| 999 |
_c7423 _d7423 |
||